000 00426nam a22001337a 4500
040 _cNUST
082 _a200 THE
100 _aMuhammad Umar Sajjad
_983998
110 _aSupervisor Dr. Usman Qamar
_983999
245 _aTH-SOF-1920-Framework for Software Testing Data Using Correlation Coefficient and Apriori Algorithm
260 _aISLAMABAD:
_bNUST COLLEGE OF EME,
_c2021.
650 _aMS-CSE-17
_984000
942 _2ddc
_cTHE
999 _c586714
_d586714